00000000nam 2200000za 4500
0019.676583
003CaOODSP
00520250109164115
007cr |||||||||||
008150407|2011||||xxc|||||o    f|0| 0 ger d
040 |aCaOODSP|beng
043 |an-cn---
0861 |aA15-11511/2011Ger-PDF|zA15-11511/2011D-PDF
1101 |aCanada. |bAgriculture and Agri-Food Canada.
24510|a[Canadian beef] : |h[electronic resource]|b[naturally the best].
2461 |aKanadisches Rindfleisch - beste qualität, aber natürlich!
250 |a[German edition].
260 |aOttawa - Ontario : |bAgriculture and Agri-Food Canada |c[2011].
300 |a2p.
500 |aIssued also in English under title: Canadian beef: naturally the best.
546 |aText in German.
590 |a13-10-Supp|b2013-04-13
69007|aAgri-food industry|2gcpds
77508|tCanadian beef : |w(CaOODSP)9.695107
792 |t[Le boeuf canadien] : |efre|w(CaOODSP)9.676584
85640|ahttp://publications.gc.ca|qPDF|s848 KB|uhttps://publications.gc.ca/collections/collection_2013/aac-aafc/A15-11511-2011-ger.pdf